000 00640nam a2200169Ia 4500
008 090711s9999 xx 000 0 und d
082 _b57378
100 _aजोशी अरविंद
245 _aSाुंबक िSाकित्सा आणि घरगुती उपाय
260 _c1983
300 _a65
600 _aजोशी अरविंद
630 _aSाुंबक िSाकित्सा आणि घरगुती उपाय
700 _aजोशी अरविंद
730 _aSाुंबक िSाकित्सा आणि घरगुती उपाय
942 _cBOOK
999 _c312008
_d312008